000 00367nam a2200145Ia 4500
005 20240814120756.0
008 240813s9999||||xx |||||||||||||| ||und||
082 _a001 RON
100 _aRonan, Colin A.
245 0 _aMan probes the universe
260 _aLondon
_bAldus books
_c1964
300 _a156p
650 _aKnowledge, methodology and research
942 _cBK
999 _c11439
_d11439